000 nam a22 7a 4500
999 _c2079
_d2079
005 20170515111027.0
008 170515b2009 N ||||| |||| 00| 0 eng d
020 _a9780470481967
040 _aAKMAL
082 _a363.25963 PED
090 _a363.25963
_bPED
100 1 _aPedneault, Stephen
_d1966-
_94287
245 1 0 _a Fraud 101 :
_btechniques and strategies for understanding fraud /
_cStephen Pedneault
246 3 _aFraud one hundred one
246 3 _aFraud one hundred and one
246 3 _a Fraud one oh one
250 _a3rd ed., Fully rev.
260 _aHoboken, N.J. :
_bJohn Wiley & Sons,
_cc2009
300 _a xxii, 234 p. :
_b ill. ;
_c 24cm
500 _a Previous ed.: Fraud 101 : techniques and strategies for detection / Howard R. Davia. c2005.
504 _a Includes bibliographical references and index.
505 0 _aThe world of fraud -- Why is fraud committed? -- Financial statement fraud schemes -- Employee embezzlements -- Other fraud schemes -- Contract rigging schemes -- Responses to fraud -- The importance of internal controls and internal audit -- Evidence -- Conducting fraud investigations : a practical approach -- Fraud investigation alternatives.
650 0 _a Commercial crimes
_x Investigation
_zUnited States
_94288
650 0 _aFraud investigation
_z United States
_94252
700 1 _aDavia, Howard R.,
_d1947-
_94289
942 _2ddc
_cBOOK